[Event "UK Armed Forces ch"]
[Site "Wittering"]
[Date "2023.04.14"]
[Round "1.1"]
[White "O'Brien, Anthony"]
[Black "Onley, David E"]
[Result "0-1"]
[WhiteElo "1425"]
[BlackElo "2174"]
[PlyCount "72"]
[EventDate "2023.04.14"]
[EventType "swiss"]
[EventRounds "7"]
[EventCountry "ENG"]
[SourceVersionDate "2023.04.22"]

1. d4 f5 2. e3 Nf6 3. Bd3 e6 4. Nd2 Be7 5. a3 O-O 6. f4 b6 7. h3 Bb7 8. Ngf3
Ne4 9. h4 Qe8 10. h5 Ng3 11. Rh2 Nxh5 12. g4 fxg4 13. Ne5 Nf6 14. Nxg4 g6 15.
Nf2 d6 16. Bc4 Bd8 17. Ng4 Nbd7 18. b4 Rc8 19. Bb2 d5 20. Bd3 Nxg4 21. Qxg4 Bf6
22. Nf3 c5 23. c3 cxd4 24. cxd4 Qe7 25. Kd2 Rf7 26. Rah1 Nf8 27. Nh4 Bxh4 28.
Rxh4 Rg7 29. Ke2 Bc6 30. Qg2 Bb5 31. e4 Rc2+ 32. Kf3 Rxg2 33. Kxg2 Bxd3 34. e5
Be4+ 35. Kg3 g5 36. Rg4 gxf4+ 0-1

[Event "UK Armed Forces ch"]
[Site "Wittering"]
[Date "2023.04.14"]
[Round "1.2"]
[White "Tenin, Aleksander"]
[Black "Johnston, Kieran"]
[Result "1-0"]
[WhiteElo "2072"]
[BlackElo "1396"]
[PlyCount "115"]
[EventDate "2023.04.14"]
[EventType "swiss"]
[EventRounds "7"]
[EventCountry "ENG"]
[SourceVersionDate "2023.04.22"]

1. e4 e6 2. d4 b6 3. Bd3 Bb7 4. Nf3 g6 5. Bf4 Bg7 6. c3 d6 7. Qd2 Nd7 8. Na3
Ngf6 9. Qe3 e5 10. Bg5 h6 11. dxe5 hxg5 12. exf6 Bxf6 13. O-O-O Ne5 14. Bb5+ c6
15. Nc4 Nxc4 16. Bxc4 Qe7 17. h3 O-O-O 18. Rhe1 d5 19. exd5 Qxe3+ 20. Rxe3 cxd5
21. Bb3 Rd6 22. Ne5 Rf8 23. Ng4 Bg7 24. Re7 f5 25. Rxg7 fxg4 26. Re1 gxh3 27.
gxh3 Rd7 28. Rxg6 Rxf2 29. Rxg5 Rh2 30. Rh5 Kc7 31. Rd1 a6 32. Rd2 Rxd2 33.
Kxd2 d4 34. c4 d3 35. c5 Be4 36. Re5 Bg2 37. cxb6+ Kxb6 38. Re3 Kc5 39. Be6 Re7
40. Bf5 Rxe3 41. Kxe3 d2 42. Kxd2 Kd4 43. h4 Bd5 44. h5 Bxa2 45. h6 Bg8 46. h7
Bxh7 47. Bxh7 a5 48. Bg8 Kc5 49. Kc3 Kb5 50. Kb3 Kc5 51. Ka4 Kb6 52. Bc4 Kb7
53. Kxa5 Ka7 54. b4 Kb7 55. b5 Ka7 56. b6+ Ka8 57. Bd5+ Kb8 58. Ka6 1-0

[Event "UK Armed Forces ch"]
[Site "Wittering"]
[Date "2023.04.14"]
[Round "1.3"]
[White "Brewer, Sam"]
[Black "Treasurer, John"]
[Result "0-1"]
[WhiteElo "1389"]
[BlackElo "2066"]
[PlyCount "38"]
[EventDate "2023.04.14"]
[EventType "swiss"]
[EventRounds "7"]
[EventCountry "ENG"]
[SourceVersionDate "2023.04.22"]

1. d4 Nf6 2. c4 c5 3. e3 g6 4. Nc3 Bg7 5. Nf3 O-O 6. b3 cxd4 7. exd4 d6 8. h3
Re8 9. Bf4 Qa5 10. Rc1 e5 11. dxe5 dxe5 12. Bd2 e4 13. Ng5 e3 14. Bxe3 Qxg5 15.
Nb5 Nc6 16. Qd6 Bf8 17. Qc7 Bb4+ 18. Kd1 Rxe3 19. fxe3 Qxe3 0-1

[Event "UK Armed Forces ch"]
[Site "Wittering"]
[Date "2023.04.14"]
[Round "1.4"]
[White "Parker, Glen D"]
[Black "Jennings, Jim"]
[Result "1-0"]
[WhiteElo "2053"]
[BlackElo "1358"]
[PlyCount "41"]
[EventDate "2023.04.14"]
[EventType "swiss"]
[EventRounds "7"]
[EventCountry "ENG"]
[SourceVersionDate "2023.04.22"]

1. e4 c5 2. a3 Nc6 3. b4 b6 4. b5 Ne5 5. d4 cxd4 6. f4 Ng6 7. Nf3 e5 8. f5 Nf4
9. Nxe5 Qh4+ 10. g3 Ng2+ 11. Bxg2 Qf6 12. Ng4 Qd6 13. e5 Qc5 14. Bxa8 d5 15.
Bc6+ Bd7 16. Bxd7+ Kxd7 17. O-O d3+ 18. Be3 dxc2 19. Qd3 Qc4 20. e6+ fxe6 21.
Ne5+ 1-0

[Event "UK Armed Forces ch"]
[Site "Wittering"]
[Date "2023.04.14"]
[Round "1.5"]
[White "Eddershaw, John HT"]
[Black "Wells, Daniel J"]
[Result "0-1"]
[WhiteElo "1356"]
[BlackElo "2042"]
[PlyCount "94"]
[EventDate "2023.04.14"]
[EventType "swiss"]
[EventRounds "7"]
[EventCountry "ENG"]
[SourceVersionDate "2023.04.22"]

1. d4 Nf6 2. e3 g6 3. Nf3 Bg7 4. Bc4 O-O 5. a3 d6 6. O-O Nbd7 7. Nc3 e5 8. dxe5
dxe5 9. e4 Qe7 10. Be3 c6 11. Qd2 Nc5 12. Bxc5 Qxc5 13. Bb3 Bg4 14. Ne1 Rad8
15. Nd3 Qd4 16. h3 Bc8 17. Rae1 Nh5 18. Qe3 Rfe8 19. g4 Nf6 20. Qf3 Be6 21. Ne2
Qxe4 22. Nxe5 Qxe5 23. Nc3 Qd6 24. Rd1 Qc7 25. Rxd8 Qxd8 26. Bxe6 Rxe6 27. Rd1
Qe7 28. b4 Re1+ 29. Kg2 Rxd1 30. Qxd1 Nxg4 31. hxg4 Bxc3 32. Qd3 Qe5 33. f3 Kg7
34. Qe4 Qxe4 35. fxe4 Kf6 36. Kf3 Ke5 37. g5 Bd2 38. c4 Bxg5 39. a4 Kd4 40. c5
Kc4 41. b5 cxb5 42. axb5 Kxb5 43. c6 Kxc6 44. e5 a5 45. Kg4 Bh6 46. Kf3 a4 47.
e6 fxe6 0-1

[Event "UK Armed Forces ch"]
[Site "Wittering"]
[Date "2023.04.14"]
[Round "1.6"]
[White "Thurlow, Kevin J"]
[Black "McBride, Robert"]
[Result "1-0"]
[WhiteElo "2009"]
[BlackElo "1350"]
[PlyCount "51"]
[EventDate "2023.04.14"]
[EventType "swiss"]
[EventRounds "7"]
[EventCountry "ENG"]
[SourceVersionDate "2023.04.22"]

1. c4 e5 2. Nc3 Nf6 3. Nf3 Bc5 4. e3 Nc6 5. a3 d6 6. Be2 e4 7. Ng5 Bf5 8. h4
Qd7 9. Qc2 Qe7 10. b4 Bb6 11. Nd5 Nxd5 12. cxd5 h6 13. Nxf7 Qxf7 14. dxc6 O-O
15. cxb7 Bh3 16. gxh3 Qxf2+ 17. Kd1 Rad8 18. Qxe4 d5 19. Qe6+ Kh8 20. Rf1 Qg2
21. Rxf8+ Rxf8 22. Qc8 Qh1+ 23. Kc2 Qe4+ 24. Bd3 Qe7 25. b8=Q Rxc8 26. Qxc8+
1-0

[Event "UK Armed Forces ch"]
[Site "Wittering"]
[Date "2023.04.14"]
[Round "1.7"]
[White "Pitchers, Michael"]
[Black "Tucker, David S"]
[Result "0-1"]
[WhiteElo "1348"]
[BlackElo "2000"]
[PlyCount "90"]
[EventDate "2023.04.14"]
[EventType "swiss"]
[EventRounds "7"]
[EventCountry "ENG"]
[SourceVersionDate "2023.04.22"]

1. Nf3 Nf6 2. d4 b5 3. Bg5 Bb7 4. Nbd2 d5 5. Bxf6 exf6 6. a3 Nd7 7. e3 a6 8. b4
Bd6 9. Bd3 O-O 10. O-O g6 11. Re1 f5 12. g3 Re8 13. Kh1 Nf6 14. Ng1 Re7 15. Nh3
Qf8 16. Nf4 Rae8 17. Re2 Qh6 18. Qf1 Kh8 19. Rae1 Ng4 20. Qh3 Bxf4 21. Qxh6
Bxh6 22. Nf3 Nf6 23. Ne5 Nd7 24. Nxd7 Rxd7 25. c3 Bc6 26. Bc2 Rde7 27. Bd3 Ra8
28. Rc1 Kg7 29. Kg2 Kf6 30. Kf3 Ke6 31. h3 Bf8 32. g4 fxg4+ 33. hxg4 a5 34. Bb1
axb4 35. cxb4 Bb7 36. Rc3 Kd6 37. Kf4 f6 38. e4 Bh6+ 39. Kf3 dxe4+ 40. Bxe4
Bxe4+ 41. Rxe4 Rxe4 42. Kxe4 Re8+ 43. Kd3 Re1 44. d5 Rc1 45. Rxc1 Bxc1 0-1

[Event "UK Armed Forces ch"]
[Site "Wittering"]
[Date "2023.04.14"]
[Round "1.8"]
[White "Graham, Frazer"]
[Black "Searle, Tristan"]
[Result "1-0"]
[WhiteElo "1967"]
[BlackElo "1345"]
[PlyCount "49"]
[EventDate "2023.04.14"]
[EventType "swiss"]
[EventRounds "7"]
[EventCountry "ENG"]
[SourceVersionDate "2023.04.22"]

1. d4 d5 2. Nf3 Bf5 3. c4 c6 4. Nc3 Nf6 5. Bf4 e6 6. Qb3 Qb6 7. c5 Qxb3 8. axb3
Nbd7 9. b4 Be7 10. b5 O-O 11. e3 Ne4 12. bxc6 bxc6 13. Ba6 e5 14. Bxe5 Nxe5 15.
Nxe5 Nxc3 16. bxc3 Bf6 17. Nxc6 Bc8 18. Kd2 Re8 19. Nb4 Bd7 20. Bb7 a5 21. Bxa8
Rxa8 22. Nxd5 Bd8 23. Nb6 Bxb6 24. cxb6 a4 25. Rab1 1-0

[Event "UK Armed Forces ch"]
[Site "Wittering"]
[Date "2023.04.14"]
[Round "1.9"]
[White "Nganga, Charles"]
[Black "Portman, Carl S"]
[Result "0-1"]
[WhiteElo "1340"]
[BlackElo "1930"]
[PlyCount "52"]
[EventDate "2023.04.14"]
[EventType "swiss"]
[EventRounds "7"]
[EventCountry "ENG"]
[SourceVersionDate "2023.04.22"]

1. d4 e6 2. e3 Nf6 3. Nf3 b6 4. Be2 Bb7 5. O-O d5 6. Nbd2 Nbd7 7. c4 Bd6 8. b3
O-O 9. Bb2 Re8 10. a4 e5 11. dxe5 Nxe5 12. Nxe5 Bxe5 13. Bxe5 Rxe5 14. Bf3 Qe7
15. Re1 Rd8 16. Ra2 c5 17. Qc1 Re8 18. Ra1 d4 19. Nf1 Bxf3 20. gxf3 Nh5 21. e4
a5 22. Ra2 Qh4 23. Rae2 Nf4 24. Ng3 g5 25. Rd2 Qh3 26. Rd3 Qg2# 0-1

[Event "UK Armed Forces ch"]
[Site "Wittering"]
[Date "2023.04.14"]
[Round "1.10"]
[White "Kelly, Richard"]
[Black "Jackson, Richard"]
[Result "1-0"]
[WhiteElo "1845"]
[BlackElo "1332"]
[PlyCount "93"]
[EventDate "2023.04.14"]
[EventType "swiss"]
[EventRounds "7"]
[EventCountry "ENG"]
[SourceVersionDate "2023.04.22"]

1. d4 d5 2. c4 e6 3. Nc3 Nf6 4. Bf4 Bd6 5. Bxd6 cxd6 6. cxd5 exd5 7. Qb3 Qa5 8.
Rc1 Nc6 9. e3 O-O 10. Bd3 Be6 11. Nf3 Nb4 12. Bb1 Ne4 13. a3 Nc6 14. O-O Nxc3
15. Rxc3 Rab8 16. Rfc1 Qd8 17. Qc2 g6 18. Qd2 Bg4 19. Ne1 Ne7 20. Nd3 Re8 21.
Ba2 Kf8 22. Nf4 Ng8 23. Bxd5 Nf6 24. e4 Nxe4 25. Bxe4 Rxe4 26. f3 Rxf4 27. Qxf4
Bd7 28. Qxd6+ Kg8 29. d5 h5 30. Rc7 Ba4 31. Qxd8+ Rxd8 32. Rc8 Rxc8 33. Rxc8+
Kg7 34. Rc7 Kf6 35. Rxb7 a6 36. Rb6+ Ke5 37. Rxa6 Bb3 38. Rb6 Bxd5 39. Rb5 Kd6
40. Rxd5+ Kxd5 41. Kf2 Kd4 42. b4 f5 43. b5 Kc5 44. a4 f4 45. h4 Kb6 46. g3
fxg3+ 47. Kxg3 1-0

[Event "UK Armed Forces ch"]
[Site "Wittering"]
[Date "2023.04.14"]
[Round "1.11"]
[White "Houghton, Stephen"]
[Black "Bradley, William"]
[Result "0-1"]
[WhiteElo "1315"]
[BlackElo "1831"]
[PlyCount "80"]
[EventDate "2023.04.14"]
[EventType "swiss"]
[EventRounds "7"]
[EventCountry "ENG"]
[SourceVersionDate "2023.04.22"]

1. e4 c5 2. Nc3 Nc6 3. Bc4 e6 4. d3 a6 5. a4 Nf6 6. Nf3 d5 7. Bb3 d4 8. Ne2 Bd6
9. Bf4 Qc7 10. Bg3 O-O 11. Qd2 e5 12. Bh4 Be7 13. h3 Rb8 14. c3 b5 15. cxd4
cxd4 16. Rc1 bxa4 17. Bxa4 Bb4 18. Nc3 dxc3 19. bxc3 Bd6 20. O-O Bd7 21. Bg3
Na5 22. Qd1 Bxa4 23. Qxa4 Nb3 24. Rb1 Nc5 25. Qc2 Rxb1 26. Rxb1 Rb8 27. Nd2
Rxb1+ 28. Qxb1 Qb7 29. Qc2 a5 30. Nc4 Bc7 31. Bxe5 Bxe5 32. Nxe5 Qb3 33. Qe2
Qxc3 34. Qa2 Qxe5 35. Qxa5 Ncd7 36. Qa8+ Nf8 37. Qa6 Qd4 38. g3 N6d7 39. g4 Nc5
40. Qa2 Qxd3 0-1

[Event "UK Armed Forces ch"]
[Site "Wittering"]
[Date "2023.04.14"]
[Round "1.12"]
[White "Sherpa, Ngadi"]
[Black "Robb-Jones, Miles"]
[Result "1/2-1/2"]
[WhiteElo "1819"]
[BlackElo "1235"]
[PlyCount "112"]
[EventDate "2023.04.14"]
[EventType "swiss"]
[EventRounds "7"]
[EventCountry "ENG"]
[SourceVersionDate "2023.04.22"]

1. d4 c5 2. d5 Nf6 3. Nc3 g6 4. e4 d6 5. Nf3 Nbd7 6. Bd3 Bg7 7. O-O O-O 8. a4
a6 9. Rb1 Rb8 10. b3 Ng4 11. Bb2 Nde5 12. Nxe5 Nxe5 13. Be2 e6 14. h3 Qb6 15.
Kh1 Qb4 16. dxe6 Bxe6 17. Nd5 Qxe4 18. Bxe5 Bxd5 19. Bf3 Qxe5 20. Bxd5 Qc3 21.
f4 b5 22. axb5 axb5 23. f5 Kh8 24. Rf3 Qd4 25. Rd3 Qf4 26. Rf3 Qd4 27. c4 bxc4
28. bxc4 Rxb1 29. Qxb1 Qa1 30. Qxa1 Bxa1 31. fxg6 hxg6 32. Bxf7 Kg7 33. Bd5
Rxf3 34. gxf3 g5 35. Kg2 Kf6 36. Kg3 Kf5 37. Be4+ Ke6 38. f4 gxf4+ 39. Kxf4 Bd4
40. Bd5+ Ke7 41. Kf5 Be5 42. h4 Kf8 43. Kg6 Ke7 44. h5 Bh8 45. Kh7 Be5 46. Kg8
Bf4 47. Kg7 Be5+ 48. Kg6 Kf8 49. Bf7 Bg7 50. Be8 Kg8 51. Kf5 Kh8 52. Bg6 Be5
53. Kg5 Bh2 54. Kf6 Bg3 55. h6 Bh2 56. Ke7 Bg3 1/2-1/2

[Event "UK Armed Forces ch"]
[Site "Wittering"]
[Date "2023.04.14"]
[Round "1.13"]
[White "Bradley, Eric"]
[Black "Foulds, Andrew"]
[Result "1/2-1/2"]
[WhiteElo "1234"]
[BlackElo "1814"]
[PlyCount "99"]
[EventDate "2023.04.14"]
[EventType "swiss"]
[EventRounds "7"]
[EventCountry "ENG"]
[SourceVersionDate "2023.04.22"]

1. e4 c5 2. c4 Nc6 3. Nf3 g6 4. d4 cxd4 5. Nxd4 Bg7 6. Nxc6 bxc6 7. Bd3 Rb8 8.
Qe2 Qb6 9. e5 Qa5+ 10. Bd2 Qxe5 11. Bc3 Qxe2+ 12. Bxe2 Bxc3+ 13. bxc3 Nf6 14.
O-O O-O 15. Bf3 Ba6 16. Na3 Rb2 17. g4 Rfb8 18. g5 Ne8 19. Rfe1 Kf8 20. c5 Nc7
21. Red1 Ke8 22. Bg4 Ne6 23. Bxe6 dxe6 24. Rdb1 Rxb1+ 25. Rxb1 Rxb1+ 26. Nxb1
e5 27. Nd2 f6 28. gxf6 exf6 29. Ne4 Ke7 30. h4 h6 31. Kh2 Ke6 32. Nd6 f5 33. c4
g5 34. Kg3 e4 35. a4 Kf6 36. a5 gxh4+ 37. Kxh4 Ke5 38. Nf7+ Kd4 39. Nxh6 Bc8
40. Kg5 e3 41. fxe3+ Kxe3 42. Nxf5+ Bxf5 43. Kxf5 Kd4 44. Ke6 Kxc4 45. Kd6 Kb5
46. Kc7 (46. a6 $1 {wins} Kxa6 47. Kxc6 Ka5 48. Kb7 Kb5 49. c6 a5 50. c7 a4 51.
c8=Q) 46... Kxc5 47. a6 Kd5 48. Kb7 Kd6 49. Kxa7 Kc7 50. Ka8 1/2-1/2

[Event "UK Armed Forces ch"]
[Site "Wittering"]
[Date "2023.04.14"]
[Round "1.14"]
[White "Barnes, David"]
[Black "Owens, Charles"]
[Result "1-0"]
[WhiteElo "1789"]
[BlackElo "1220"]
[PlyCount "71"]
[EventDate "2023.04.14"]
[EventType "swiss"]
[EventRounds "7"]
[EventCountry "ENG"]
[SourceVersionDate "2023.04.22"]

1. e4 c6 2. Nc3 d5 3. Nf3 Bg4 4. h3 Bh5 5. Be2 e6 6. e5 Bc5 7. d4 Bb4 8. a3
Bxc3+ 9. bxc3 Ne7 10. O-O O-O 11. Bg5 Nd7 12. Qd2 Qe8 13. g4 Bg6 14. Bh4 f6 15.
Bg3 f5 16. Ng5 Nc8 17. Rab1 Rb8 18. Kh2 h6 19. Nf3 Qe7 20. Nh4 Qf7 21. Nxg6
Qxg6 22. Bd3 Ne7 23. Rg1 Nb6 24. Bh4 Nc4 25. Bxc4 dxc4 26. Bxe7 Rf7 27. Bd6 Rd8
28. g5 Qh5 29. gxh6 g6 30. Qg5 Qxg5 31. Rxg5 Kh7 32. Rbg1 Rg8 33. h4 Kxh6 34.
h5 Kh7 35. hxg6+ Rxg6 36. Rxg6 1-0

[Event "UK Armed Forces ch"]
[Site "Wittering"]
[Date "2023.04.14"]
[Round "1.15"]
[White "Lock, Benedict"]
[Black "Watson, Paul R"]
[Result "1-0"]
[WhiteElo "1200"]
[BlackElo "1776"]
[PlyCount "49"]
[EventDate "2023.04.14"]
[EventType "swiss"]
[EventRounds "7"]
[EventCountry "ENG"]
[SourceVersionDate "2023.04.22"]

1. c4 Nf6 2. d4 e5 3. dxe5 Ng4 4. Nf3 Nc6 5. Bf4 Bb4+ 6. Nc3 Qe7 7. a3 Bxc3+ 8.
bxc3 Ngxe5 9. e3 O-O 10. Nxe5 Nxe5 11. Qd5 d6 12. c5 Qe6 13. c4 Qxd5 14. cxd5
Bf5 15. Bxe5 dxe5 16. Bc4 Rfd8 17. O-O Rd7 18. Rfe1 b6 19. e4 Bg6 20. Bb5 Re7
21. d6 cxd6 22. cxd6 Re6 23. d7 Kf8 24. Rac1 Ke7 25. Rc8 1-0

[Event "UK Armed Forces ch"]
[Site "Wittering"]
[Date "2023.04.14"]
[Round "1.16"]
[White "Dray-Pearce, Tristan"]
[Black "Cox, Jamie"]
[Result "1-0"]
[WhiteElo "1766"]
[BlackElo "1182"]
[PlyCount "61"]
[EventDate "2023.04.14"]
[EventType "swiss"]
[EventRounds "7"]
[EventCountry "ENG"]
[SourceVersionDate "2023.04.22"]

1. d4 d5 2. Nc3 e6 3. Bf4 c5 4. e3 Bd7 5. Nf3 Nf6 6. Ne5 a6 7. dxc5 Bxc5 8. Bd3
Nc6 9. Qf3 Qb6 10. O-O Nxe5 11. Bxe5 Qxb2 12. Rfb1 Qa3 13. Rb3 Qa5 14. Bxf6
gxf6 15. Qxf6 Rf8 16. Rxb7 Be7 17. Qe5 Rc8 18. Ne2 Bc6 19. Rb2 Ba3 20. Rb8 Kd7
21. Rxc8 Rxc8 22. Nd4 Bd6 23. Qf6 Rf8 24. Bxh7 Qc3 25. Rb1 Qa3 26. Nxc6 Kxc6
27. Qb2 Rb8 28. Qc1 f5 29. g3 a5 30. Kg2 a4 31. Qxa3 1-0

[Event "UK Armed Forces ch"]
[Site "Wittering"]
[Date "2023.04.14"]
[Round "1.17"]
[White "Cooney, Jack"]
[Black "Fielding, Michael"]
[Result "1-0"]
[WhiteElo "1130"]
[BlackElo "1743"]
[Annotator "Thurlow, Kevin J"]
[PlyCount "139"]
[EventDate "2023.04.14"]
[EventType "swiss"]
[EventRounds "7"]
[EventCountry "ENG"]
[SourceVersionDate "2023.04.22"]

1. d4 f5 2. Bf4 Nf6 3. Nf3 g6 4. e3 Bg7 5. Bc4 e6 6. d5 exd5 7. Bxd5 c6 8. Bb3
d5 9. O-O O-O 10. c4 Na6 11. cxd5 Nxd5 12. Nc3 Kh8 13. Nxd5 cxd5 14. Qxd5 Qb6
15. Qd6 Qxd6 16. Bxd6 Re8 17. Rab1 Bd7 18. Bd5 Bc6 19. Bxc6 bxc6 20. b3 Red8
21. Rfd1 Kg8 22. g3 Rac8 23. Ng5 Bf6 24. Ne6 Rd7 25. Nc5 Nxc5 26. Bxc5 Rcd8 27.
Rxd7 Rxd7 28. Rc1 Rc7 29. Bd4 Bxd4 30. exd4 Kf7 31. d5 c5 32. d6 Rc6 33. Rd1
Ke8 34. Rd5 Kd7 35. Kg2 Ra6 36. Rxc5 Rxa2 37. Rc7+ Kxd6 38. Rxh7 Ke6 39. h4 Kf6
40. h5 gxh5 41. Rxh5 Rb2 42. Rh6+ Kg5 43. Ra6 Rxb3 44. Rxa7 Rb2 45. Rg7+ Kf6
46. Ra7 Kg5 47. Ra6 Rc2 48. Kf3 Rc3+ 49. Kg2 Rc2 50. Ra8 Rb2 51. Rg8+ Kf6 52.
g4 fxg4 53. Rxg4 Kf5 54. Rc4 Ra2 55. Kg3 Ra3+ 56. f3 Rb3 57. Rc5+ Kf6 58. Kg4
Rb4+ 59. f4 Ra4 60. Rc6+ Kf7 61. Kg5 Ra5+ 62. f5 Ra7 63. Rh6 Ra5 64. Rh7+ Kf8
$4 (64... Kg8 $11) 65. Kg6 Ra6+ 66. f6 Kg8 67. Rb7 Ra8 68. Rg7+ Kh8 69. Rh7+
Kg8 70. f7+ 1-0

[Event "UK Armed Forces ch"]
[Site "Wittering"]
[Date "2023.04.14"]
[Round "1.18"]
[White "Millener, Richard P"]
[Black "Peacock, Christopher"]
[Result "1-0"]
[WhiteElo "1740"]
[BlackElo "1041"]
[PlyCount "95"]
[EventDate "2023.04.14"]
[EventType "swiss"]
[EventRounds "7"]
[EventCountry "ENG"]
[SourceVersionDate "2023.04.22"]

1. d4 d5 2. Bg5 Nf6 3. Nd2 g6 4. e3 Bg7 5. Bd3 O-O 6. Ngf3 Bg4 7. h3 Bxf3 8.
Nxf3 Nc6 9. c3 Re8 10. O-O e5 11. Bb5 e4 12. Ne5 Re6 13. Bxc6 bxc6 14. f3 Qc8
15. fxe4 Nxe4 16. Nxf7 Nxg5 17. Nxg5 Rxe3 18. Rf3 Rxf3 19. Qxf3 Qf8 20. Qg4 Re8
21. Rf1 Bf6 22. Qd7 Re7 23. Qxc6 Kg7 24. Ne6+ Rxe6 25. Qxe6 Qf7 26. Qa6 Qe7 27.
Qd3 Bg5 28. Qf3 Qe3+ 29. Qxe3 Bxe3+ 30. Kh2 Kh6 31. Rf7 Bc1 32. b3 g5 33. g3
Kg6 34. Rxc7 Bb2 35. Kg2 Kf5 36. Kf3 h5 37. g4+ hxg4+ 38. hxg4+ Kf6 39. Ke3 a6
40. Kd3 Bc1 41. Rc6+ Ke7 42. Rxa6 Kd7 43. c4 dxc4+ 44. bxc4 Kc7 45. c5 Kb7 46.
Rb6+ Kc7 47. a4 Bf4 48. a5 1-0

[Event "UK Armed Forces ch"]
[Site "Wittering"]
[Date "2023.04.14"]
[Round "1.19"]
[White "Laver, Nathan"]
[Black "Morrison, Munroe L"]
[Result "0-1"]
[WhiteElo "1038"]
[BlackElo "1704"]
[PlyCount "70"]
[EventDate "2023.04.14"]
[EventType "swiss"]
[EventRounds "7"]
[EventCountry "ENG"]
[SourceVersionDate "2023.04.22"]

1. e4 Nc6 2. Nc3 Nf6 3. Nf3 d5 4. e5 Ne4 5. d4 Bg4 6. Be2 Nxc3 7. bxc3 e6 8.
Rb1 Rb8 9. O-O Be7 10. Qd3 Na5 11. Qb5+ c6 12. Qd3 Nc4 13. h3 Bh5 14. Qd1 b5
15. Bxc4 dxc4 16. Qe2 Qd5 17. a4 a6 18. Qe3 Bg6 19. Rb2 O-O 20. Ng5 a5 21. Ra2
b4 22. cxb4 axb4 23. c3 b3 24. Rb2 Ra8 25. f3 Rxa4 26. Ne4 Rfa8 27. Nd6 Bxd6
28. exd6 Qxd6 29. Rd1 Ra2 30. Qe2 Bd3 31. Qf2 Rxb2 32. Qxb2 Ra2 33. Qxa2 bxa2
34. Bb2 h6 35. Ra1 Bb1 0-1

[Event "UK Armed Forces ch"]
[Site "Wittering"]
[Date "2023.04.14"]
[Round "1.20"]
[White "Ross, David C (Snr)"]
[Black "Stynes, Peri-Jake"]
[Result "1-0"]
[WhiteElo "1695"]
[BlackElo "1000"]
[PlyCount "49"]
[EventDate "2023.04.14"]
[EventType "swiss"]
[EventRounds "7"]
[EventCountry "ENG"]
[SourceVersionDate "2023.04.22"]

1. e4 c5 2. Nc3 Nc6 3. g3 d6 4. d3 g6 5. Be3 Bg7 6. Qd2 Nf6 7. Bh6 O-O 8. Bxg7
Kxg7 9. Bg2 Ne5 10. f4 Nc6 11. Nf3 Be6 12. h3 Qa5 13. g4 h6 14. f5 Bd7 15. g5
hxg5 16. Qxg5 Nxe4 17. dxe4 Nd4 18. Nxd4 cxd4 19. f6+ exf6 20. Qxa5 dxc3 21.
Qxc3 Rac8 22. Qd2 Rfe8 23. O-O Re5 24. Qxd6 Bc6 25. Qxf6+ 1-0

[Event "UK Armed Forces ch"]
[Site "Wittering"]
[Date "2023.04.14"]
[Round "1.21"]
[White "Downey, Finlay"]
[Black "O'Byrne, Danny"]
[Result "0-1"]
[WhiteElo "900"]
[BlackElo "1682"]
[PlyCount "58"]
[EventDate "2023.04.14"]
[EventType "swiss"]
[EventRounds "7"]
[EventCountry "ENG"]
[SourceVersionDate "2023.04.22"]

1. e4 c5 2. Nc3 e6 3. g3 Nc6 4. Bg2 a6 5. Nge2 b5 6. d4 Qb6 7. Be3 cxd4 8. Nxd4
Nxd4 9. Bxd4 Bc5 10. Ne2 e5 11. b4 Bxd4 12. Nxd4 exd4 13. O-O Ne7 14. Qd3 Bb7
15. a4 bxa4 16. Rxa4 Bc6 17. e5 Bxg2 18. Kxg2 Qc6+ 19. f3 Qxa4 20. f4 O-O 21.
Qxd4 Qxc2+ 22. Rf2 Qc6+ 23. Kg1 Nf5 24. Qc5 Qxc5 25. bxc5 a5 26. g4 Ne3 27. h3
a4 28. f5 a3 29. Ra2 Rfb8 0-1

[Event "UK Armed Forces ch"]
[Site "Wittering"]
[Date "2023.04.14"]
[Round "1.22"]
[White "Officer, Paul"]
[Black "Stewart, Christopher"]
[Result "1-0"]
[WhiteElo "1668"]
[BlackElo "900"]
[PlyCount "81"]
[EventDate "2023.04.14"]
[EventType "swiss"]
[EventRounds "7"]
[EventCountry "ENG"]
[SourceVersionDate "2023.04.22"]

1. e4 c6 2. d4 d5 3. Nc3 Nf6 4. e5 Ne4 5. Nxe4 dxe4 6. Bc4 g6 7. Qe2 Bf5 8. g4
Bc8 9. Qxe4 Bg7 10. c3 b5 11. Bxb5 Bb7 12. Bc4 e6 13. b3 Qe7 14. Nf3 Nd7 15. a4
O-O 16. Ba3 c5 17. Qxb7 Rfb8 18. Qe4 Rc8 19. Rd1 a6 20. Ke2 h6 21. Rd2 Qe8 22.
Rhd1 cxd4 23. Rxd4 Nc5 24. Bxc5 Rxc5 25. Rd7 g5 26. Qxa8 Qxa8 27. Rd8+ Qxd8 28.
Rxd8+ Bf8 29. Kd3 a5 30. b4 axb4 31. cxb4 Rc7 32. b5 Ra7 33. Bb3 Kg7 34. Nd4
Bc5 35. Nc6 Rc7 36. f3 Bb6 37. a5 Bc5 38. Ba4 Be7 39. Nxe7 Rxe7 40. b6 Rb7 41.
Rd7 1-0

[Event "UK Armed Forces ch"]
[Site "Wittering"]
[Date "2023.04.14"]
[Round "1.23"]
[White "Dean, Nicholas"]
[Black "Glover, John"]
[Result "0-1"]
[WhiteElo "800"]
[BlackElo "1656"]
[PlyCount "74"]
[EventDate "2023.04.14"]
[EventType "swiss"]
[EventRounds "7"]
[EventCountry "ENG"]
[SourceVersionDate "2023.04.22"]

1. e4 d5 2. Nc3 dxe4 3. Nxe4 Nd7 4. d4 Ngf6 5. Nc3 e6 6. Nf3 Be7 7. Bc4 a6 8.
O-O b6 9. b3 Bb7 10. Bf4 O-O 11. Ne5 Nd5 12. Nxd5 exd5 13. Bd3 Nf6 14. c4 c5
15. Nf3 Re8 16. Re1 Bf8 17. Bg5 Be7 18. a4 a5 19. Bxf6 Bxf6 20. Be2 g6 21. Rc1
dxc4 22. bxc4 cxd4 23. c5 bxc5 24. Rxc5 Rc8 25. Rxc8 Bxc8 26. Bb5 Rxe1+ 27.
Nxe1 Bf5 28. g3 Kg7 29. Nc2 d3 30. Ne3 d2 31. Nc4 Bc3 32. Ne3 Qe7 33. Nxf5+
gxf5 34. Qc2 Qe1+ 35. Bf1 d1=Q 36. Qxd1 Qxd1 37. Kg2 Qxa4 0-1

[Event "UK Armed Forces ch"]
[Site "Wittering"]
[Date "2023.04.14"]
[Round "1.24"]
[White "Knipe, Matthew"]
[Black "Lucas-Divers, Zamira"]
[Result "1-0"]
[WhiteElo "1654"]
[BlackElo "800"]
[PlyCount "41"]
[EventDate "2023.04.14"]
[EventType "swiss"]
[EventRounds "7"]
[EventCountry "ENG"]
[SourceVersionDate "2023.04.22"]

1. e4 e5 2. Nc3 Nc6 3. Bc4 Qe7 4. Nd5 Qc5 5. d3 Nf6 6. Nxc7+ Ke7 7. Nxa8 d6 8.
Nc7 Bg4 9. f3 Qb4+ 10. c3 Qb6 11. Nd5+ Kd7 12. Nxb6+ axb6 13. fxg4 Na5 14. g5
Nxc4 15. dxc4 Nxe4 16. Qg4+ Kc7 17. Qxe4 h6 18. Nf3 d5 19. Qxe5+ Kc6 20. Nd4+
Kc5 21. Qxd5# 1-0

[Event "UK Armed Forces ch"]
[Site "Wittering"]
[Date "2023.04.14"]
[Round "1.25"]
[White "Opaleye, Toluwaniyi"]
[Black "Woodrough, Thomas"]
[Result "0-1"]
[WhiteElo "718"]
[BlackElo "1600"]
[PlyCount "104"]
[EventDate "2023.04.14"]
[EventType "swiss"]
[EventRounds "7"]
[EventCountry "ENG"]
[SourceVersionDate "2023.04.22"]

1. e4 c6 2. Nf3 d5 3. Nc3 dxe4 4. Nxe4 Bf5 5. Bd3 Bxe4 6. Bxe4 Nf6 7. d3 Nxe4
8. dxe4 Qxd1+ 9. Kxd1 e6 10. Be3 Nd7 11. Bd4 c5 12. Bc3 O-O-O 13. Kd2 Nf6+ 14.
Ke3 Be7 15. Rad1 h6 16. e5 Nd5+ 17. Ke2 Nf4+ 18. Ke1 Nxg2+ 19. Ke2 Nf4+ 20. Ke1
Rxd1+ 21. Kxd1 Rd8+ 22. Kc1 Ne2+ 23. Kb1 Nxc3+ 24. bxc3 f6 25. Rg1 g5 26. Kb2
f5 27. h3 c4 28. a4 Rd5 29. Kc1 Ra5 30. Kb2 Rxa4 31. Ra1 Rxa1 32. Kxa1 Bc5 33.
Nd4 Bxd4 34. cxd4 Kc7 35. Kb2 Kc6 36. c3 b5 37. Ka3 a5 38. f3 Kd5 39. Ka2 h5
40. Ka3 g4 41. fxg4 fxg4 42. hxg4 hxg4 43. Kb2 g3 44. Ka2 g2 45. Ka1 g1=Q+ 46.
Kb2 Qf2+ 47. Ka3 Qe3 48. Kb2 b4 49. cxb4 Qd2+ 50. Ka3 Qxb4+ 51. Ka2 c3 52. Ka1
Qb2# 0-1